| 000 | 01537cam a2200349 a 4500 | ||
|---|---|---|---|
| 999 |
_c129992 _d129992 |
||
| 001 | 718047 | ||
| 003 | ARRUPE | ||
| 005 | 20191112120010.0 | ||
| 008 | 970716s1996 sa ab b 001 0 eng d | ||
| 010 | _a 97173088 | ||
| 020 | _a1868402347 | ||
| 035 | _a(OCoLC)37305782 | ||
| 040 |
_aEEM _cEEM _dDLC |
||
| 042 | _alccopycat | ||
| 043 | _af-sa--- | ||
| 050 | 0 | 4 |
_aHN801.Z9 _bC638 1996 |
| 082 | 0 | 0 |
_a307.72/0968 _221 |
| 245 | 0 | 0 |
_aLand, labour and livelihoods in rural South Africa. _bVolume two: KwaZulu-Natal and Northen Province _cEdited by Michael Lipton, frank ellis and Merle Lipton |
| 260 |
_aDurban, South Africa : _bIndicator Press, University of Natal ; _aJohannesburg : _bThorold's Africana Books [distributor], _cc1996. |
||
| 300 |
_axxx, 444p. ; _bill., maps ; _c24 cm. |
||
| 500 | _a"December 1996". | ||
| 500 | _aDistributor from label on p. [2] cover. | ||
| 504 | _aIncludes bibliographical references and indexes. | ||
| 505 | 0 | _av. 1. Western Cape / editors Michael Lipton, Mike de Klerk, and Merle Lipton -- v. 2. KwaZulu-Natal and Northern Province / editors Michael Lipton, Frank Ellis, and Merle Lipton. | |
| 650 | 0 |
_aRural development _zSouth Africa. _948573 |
|
| 650 | 0 |
_aRural unemployment _zSouth Africa. _948574 |
|
| 651 | 0 |
_aSouth Africa _xRural conditions. _948575 |
|
| 700 | 1 |
_aLipton, Michael, _d1937- _948576 |
|
| 906 |
_a0 _bcbc _ccopycat _d2 _encip _f19 _gy-gencatlg |
||
| 942 |
_2lcc _cMONOGRAPH |
||